<?xml version="1.0" encoding="UTF-8"?>
<marc:record xmlns:marc="http://www.loc.gov/MARC21/slim">
   <marc:leader>00000nam a2200000 a 4500</marc:leader>
   <marc:datafield ind1="1" ind2=" " tag="100">
      <marc:subfield code="a">Collins, Suzanne</marc:subfield>
      <marc:subfield code="4">aut</marc:subfield>
      <marc:subfield code="e">Verfasser/-in</marc:subfield>
   </marc:datafield>
   <marc:datafield ind1="0" ind2="0" tag="245">
      <marc:subfield code="a">Die Tribute von Panem - Flammender Zorn. Bd. 3</marc:subfield>
   </marc:datafield>
   <marc:datafield ind1=" " ind2="1" tag="264">
      <marc:subfield code="a">Hamburg</marc:subfield>
      <marc:subfield code="b">Oetinger.</marc:subfield>
      <marc:subfield code="c">2011</marc:subfield>
   </marc:datafield>
   <marc:datafield ind1="1" ind2=" " tag="490">
      <marc:subfield code="a">Die Tribute von Panem</marc:subfield>
   </marc:datafield>
   <marc:datafield ind1="1" ind2=" " tag="520">
      <marc:subfield code="a">Panems blutiger Weg in die Freiheit. Abschlussband der dreiteiligen Dystopie, in dem Katniss einmal mehr zum Spielball der Mächtigen wird. (ab 13) (JE#Möge das Gute siegen! Möge die Liebe siegen! Das grandiose Finale! Katniss gegen das Kapitol! #Schwer verletzt wurde Katniss von den Rebellen befreit und in Distrikt 13 gebracht. Doch ihre einzige Sorge gilt Peeta, der dem Kapitol in die Hände gefallen ist. Die Regierung setzt alle daran, seinen Willen zu brechen, um ihn als Waffe gegen die Rebellen einsetzen zu können. Gale hingegen kämpft weiterhin an der Seite der Aufständischen, und das - zu Katniss' Schrecken - ohne Rücksicht auf Verluste. Als sie merkt, dass auch die Rebellen versuchen, sie für ihre Ziele zu missbrauchen, wird ihr klar, dass sie alle nur Figuren in einem perfiden Spiel sind. Es scheint ihr fast unmöglich, die zu schützen, die sie liebt!#</marc:subfield>
   </marc:datafield>
   <marc:datafield ind1=" " ind2=" " tag="020">
      <marc:subfield code="a">9783789132209</marc:subfield>
      <marc:subfield code="9">9783789132209</marc:subfield>
   </marc:datafield>
   <marc:datafield ind1=" " ind2=" " tag="041">
      <marc:subfield code="a">ger</marc:subfield>
   </marc:datafield>
   <marc:datafield ind1=" " ind2=" " tag="300">
      <marc:subfield code="a">431 S.</marc:subfield>
   </marc:datafield>
</marc:record>
